Resistencia de materiales
| Main Author: | |
|---|---|
| Format: | Section = Libro |
| Language: | Undetermined Spanish |
| Published: |
Cuba
ISPJAE
1984
|
| Subjects: |
| LEADER | 00518nam a2200169Ia 4500 | ||
|---|---|---|---|
| 008 | 240829s9999 xx 000 0 und d | ||
| 040 | |a BIBLIOTECA-RUPAP 620.112 R433 | ||
| 041 | |a spa | ||
| 082 | |a 620.112 R433 | ||
| 100 | 1 | |a Cabanes Pacheco, Guillermo | |
| 245 | 1 | 0 | |a Resistencia de materiales |
| 260 | |a Cuba |b ISPJAE |c 1984 | ||
| 300 | |a 447 p. :il. | ||
| 650 | 7 | |a RESISTENCIA DE MATERIALES. I. Soles de la Cruz, José, coaut. II. Prendes Barroso, Ramón, coaut. III. Tít. | |
| 942 | |c BK |2 ddc | ||
| 991 | |a TEXTO | ||
| 999 | |c 9123 | ||